000 00629nam a2200229Ia 4500
005 20241216010456.0
008 180423s9999||||xx |||||||||||||| ||und||
020 _a968-7270-83-7
082 _a542
_bW58
100 _aWILLARD, HOBART H. Y OTROS
245 0 _aMETODOS INSTRUMENTALES DE ANALISIS
250 _a0
260 _aMEXICO
_bGRUPO EDITORIAL IBEROAMER
_c1991
300 _a879 pag
_c24 cm
341 _h103.03
490 _v0
_a0
505 _aELECTROQUIMICA/METODOS/ESPECTROSCOPIO/METODOS
541 _aC
_bLIBRERIA LIBUM
_d11-Jul-01
_odólar
650 _aCIENCIAS PURAS
856 _zCC. Puras
942 _cLIBRO
999 _c15471
_d15471